Managing Behaviour in Organisations. (Record no. 3451)

MARC details
000 -LEADER
fixed length control field 00543nam a22002057a 4500
003 - CONTROL NUMBER IDENTIFIER
control field OSt
005 - DATE AND TIME OF LATEST TRANSACTION
control field 20160412140032.0
008 - FIXED-LENGTH DATA ELEMENTS--GENERAL INFORMATION
fixed length control field 160412b xxu||||| |||| 00| 0 eng d
020 ## - INTERNATIONAL STANDARD BOOK NUMBER
International Standard Book Number 013127306-X
040 ## - CATALOGING SOURCE
Transcribing agency DDC.
082 ## - DEWEY DECIMAL CLASSIFICATION NUMBER
Classification number 302.35GRE 2005
100 ## - MAIN ENTRY--PERSONAL NAME
Personal name Greenberg,Gerald;
9 (RLIN) 7717
245 ## - TITLE STATEMENT
Title Managing Behaviour in Organisations.
250 ## - EDITION STATEMENT
Edition statement 4th ed.
260 ## - PUBLICATION, DISTRIBUTION, ETC. (IMPRINT)
Place of publication, distribution, etc. New Jersey;
Name of publisher, distributor, etc. Pearson Prentice Hall;
Date of publication, distribution, etc. 2005.
300 ## - PHYSICAL DESCRIPTION
Extent xvii,510p;
Other physical details col,ill;
Dimensions 22cm.
504 ## - BIBLIOGRAPHY, ETC. NOTE
Bibliography, etc includes index.
650 ## - SUBJECT ADDED ENTRY--TOPICAL TERM
Topical term or geographic name as entry element Management.
9 (RLIN) 364
942 ## - ADDED ENTRY ELEMENTS (KOHA)
Source of classification or shelving scheme Dewey Decimal Classification
Koha item type Short Loan
Holdings
Withdrawn status Lost status Source of classification or shelving scheme Damaged status Not for loan Home library Current library Date acquired Source of acquisition Inventory number Total Checkouts Full call number Barcode Date last seen Price effective from Koha item type
    Dewey Decimal Classification     MUST Main Library MUST Main Library 12/04/2016   06/27819   302.35GRE 2005 2016-0695 12/04/2016 12/04/2016 Short Loan
    Dewey Decimal Classification     MUST Main Library MUST Main Library 12/04/2016   06/27818   302.35GRE 2005 2016-0696 12/04/2016   Short Loan
    Dewey Decimal Classification     MUST Main Library MUST Main Library 12/04/2016   06/27816   302.35GRE 2005 2016-0697 12/04/2016   Short Loan